| 000 | 00544nam a22001577a 4500 | ||
|---|---|---|---|
| 003 | OSt | ||
| 008 | 250902b |||||||| |||| 00| 0 eng d | ||
| 041 | _amal | ||
| 082 |
_a922 _bJAL/VI |
||
| 100 |
_aJaleel, K. T _95370 |
||
| 245 |
_aVidwan Ishaq Sahib Keralathinte Darashuko / _bവിദ്വാന് ഇസ്ഹാഖ് സാഹിബ് കേരളത്തിന്റെ ദാരാഷുക്കോ |
||
| 260 |
_aThiruvananthapuram : _bChintha Publishers, _c2024. |
||
| 300 | _a111 p. | ||
| 650 |
_aBiography _96271 |
||
| 942 | _cBK | ||
| 999 |
_c19501 _d19501 |
||